किससे करें फरियाद : (Record no. 116534)

MARC details
000 -LEADER
fixed length control field 01075nam a22002777a 4500
003 - CONTROL NUMBER IDENTIFIER
control field 0
005 - DATE AND TIME OF LATEST TRANSACTION
control field 20181003120353.0
008 - FIXED-LENGTH DATA ELEMENTS--GENERAL INFORMATION
fixed length control field 0
010 ## - LIBRARY OF CONGRESS CONTROL NUMBER
LC control number B-011314
020 ## - INTERNATIONAL STANDARD BOOK NUMBER
Terms of availability 125.00
035 ## - SYSTEM CONTROL NUMBER
System control number B-011314,B-011318
037 ## - SOURCE OF ACQUISITION
Source of stock number/acquisition Cen Lib/Ret
040 ## - CATALOGING SOURCE
Original cataloging agency DPL
Language of cataloging HN
Transcribing agency 0
082 ## - DEWEY DECIMAL CLASSIFICATION NUMBER
Classification number
Item number कुलश्रे
100 ## - MAIN ENTRY--PERSONAL NAME
Personal name कुलश्रेष्ठ, दीप्ति
9 (RLIN) 5721
245 ## - TITLE STATEMENT
Title किससे करें फरियाद :
Statement of responsibility, etc दीप्ति कुलश्रेष्ठ
Remainder of title कहानी संग्रह /
246 ## - VARYING FORM OF TITLE
Title proper/short title Kis se karain fariyad : kahani sangreh /
Remainder of title by Deepti Kulshreshtha
260 ## - PUBLICATION, DISTRIBUTION, ETC. (IMPRINT)
Place of publication, distribution, etc जोधपुर
Name of publisher, distributor, etc राजस्थानी ग्रंथागार्
Date of publication, distribution, etc 1999
270 ## - ADDRESS
City जोधपुर
Address सोजती गेट
300 ## - PHYSICAL DESCRIPTION
Extent 118पृ.
Dimensions 21सेमी (सजिल्द)
650 ## - SUBJECT ADDED ENTRY--TOPICAL TERM
Topical term or geographic name as entry element हिन्दी साहित्य
9 (RLIN) 67026
650 ## - SUBJECT ADDED ENTRY--TOPICAL TERM
Topical term or geographic name as entry element कहानियां
9 (RLIN) 67027
650 ## - SUBJECT ADDED ENTRY--TOPICAL TERM
Topical term or geographic name as entry element Hindi literature
9 (RLIN) 67028
650 ## - SUBJECT ADDED ENTRY--TOPICAL TERM
Topical term or geographic name as entry element Stories
9 (RLIN) 7500
942 ## - ADDED ENTRY ELEMENTS (KOHA)
Source of classification or shelving scheme Dewey Decimal Classification
Koha item type Hindi Books
Classification part
Call number suffix कुलश्रे
Holdings
Withdrawn status Lost status Damaged status Not for loan Home library Current library Date acquired Source of acquisition Cost, normal purchase price Total Checkouts Full call number Barcode Date last seen Copy number Cost, replacement price Price effective from Koha item type Source of classification or shelving scheme Collection code
        Central Library Central Library 25/08/2015 Cen Lib/Ret 125.00   क कुलश्रे B-011314 25/08/2015 1 125.00 25/08/2015 Hindi Books    
        Patel Nagar Patel Nagar 03/10/2018 BPPD/PUB 125.00   क कुलश्रे B-011318 03/10/2018   125.00 03/10/2018 Hindi Books Dewey Decimal Classification Fiction

© Delhi Public Library
Hit Counter
free hit counter